| 000 | 00554nam a2200157 4500 | ||
|---|---|---|---|
| 001 | 2633 | ||
| 090 | _a2633 | ||
| 100 | _a20190723b u||y0fre||u0ba y50 | ||
| 101 | _aeng | ||
| 200 |
_aQuest _bPériodique _ea feminist quarterly _gQuest: a feminist quarterly, Inc. |
||
| 210 |
_aUSA _bQuest: a feminist quarterly, Inc. 1909 Que St., N.W. Washington, D.C. 20009 _cQuest: a feminist quarterly, Inc. |
||
| 606 |
_aFéminisme _9429 |
||
| 607 |
_91006 _aEtats-Unis d'Amérique |
||
| 710 |
_96634 _aQuest: a feminist quarterly, Inc. |
||
| 801 |
_aCH _bCH-002049-8 |
||
| 955 | _r1975: vol.2 n°2 | ||